| 000 | 01456cam a2200385 i 4500 | ||
|---|---|---|---|
| 001 | 19414713 | ||
| 003 | OSt | ||
| 005 | 20230926153022.0 | ||
| 008 | 161221r20182000nyua b 001 0 eng | ||
| 010 | _a 2016058690 | ||
| 020 | _a9789353433093 | ||
| 020 | _a9780134689579 (pbk. : alk. paper) | ||
| 020 | _a0134689577 (pbk. : alk. paper) | ||
| 040 |
_aDLC _beng _cDLC _erda _dDLC |
||
| 042 | _apcc | ||
| 050 | 0 | 0 |
_aQA39.2 _b.D25 2018 |
| 082 | 0 | 0 |
_a510 _bDAN/M |
| 100 | 1 |
_aD'Angelo, John P. _99621 |
|
| 245 | 1 | 0 |
_aMathematical thinking : _bproblem-solving and proofs / _cJohn P. D'Angelo, University of Illinois, Urbana, Douglas B. West, University of Illinois, Urbana. |
| 250 | _aSecond edition. | ||
| 264 | 1 |
_aNew York, New York : _bPearson, _c[2018] |
|
| 300 |
_axx, 412 pages : _billustrations ; _c23 cm |
||
| 336 |
_atext _btxt _2rdacontent |
||
| 337 |
_aunmediated _bn _2rdamedia |
||
| 338 |
_avolume _bnc _2rdacarrier |
||
| 490 | 0 | _aPearson modern classics | |
| 500 | _aOriginally published in 2000, reissued as part of Pearson's modern classic series. | ||
| 504 | _aIncludes bibliographical references and index. | ||
| 650 | 0 | _aMathematics. | |
| 650 | 0 | _aProblem solving. | |
| 700 | 1 | _aWest, Douglas Brent. | |
| 906 |
_a7 _bcbc _corignew _d1 _eecip _f20 _gy-gencatlg |
||
| 942 |
_2ddc _cBK _h510 _iDAN/M _k510 _mDAN/M |
||
| 999 |
_c42416 _d42416 |
||